| 000 | 00817nam a2200265 i 4500 | ||
|---|---|---|---|
| 001 | bg | ||
| 100 | 1 | _aJENNINGS, Simon | |
| 245 | 1 | 0 |
_aMarine fisheries ecology / _cSimon Jennings, Michel J. Kaiser, John D. Reynolds. |
| 260 |
_aOxford : _bBlackwell Science, _c2001. |
||
| 300 |
_aXIII, 417 s. : _bil. ; _c24 cm. |
||
| 504 | _aBibliogr. - Indeks. | ||
| 650 | 9 | _aGospodarka morska | |
| 650 | 9 | _aRybołówstwo | |
| 650 | 9 |
_aRyby morskie _xekologia |
|
| 700 | 1 | _aKEISER, Michel J. | |
| 700 | 1 | _aREYNOLDS, John D. | |
| 020 | _a0632050985 | ||
| 040 | _cBPK | ||
| 041 | 0 | _aen | |
| 080 | _a338.4(26):639.22:504.7 | ||
| 920 | _a0-632-05098-5 | ||
| 942 | _cKS | ||
| 008 | s pl f |000 0 pol | ||
| 999 |
_c40744 _d40744 |
||
| 856 |
_uhttp://koha.tu.koszalin.pl/cgi-bin/koha/opac-detail.pl?biblionumber=40744 _yKatalog online BPK |
||